00520 2200169 4500245004400000020002200044250001100066100002000077650002100097005001900118260002800137041001400165084000800179300002200187500013200209336000900341 aDilan & al FatihcAhmad Ali AdhimhText a978-602-5653-11-7 aCet. 1 aAhmad Ali Adhim aNovel Inspiratif a20231005084514 aBekasibAndalusiac2018 aIndonesia a813 a143 hlm. :cilus. aDilan berhasil menaklukkan hati milea, melawan guru yang semena-mena, suka meramal, panglima tempur yang geng motor di bandung. atext